Handbook of local and regional development

Guardado en:
Detalles Bibliográficos
Formato: Libro
Lenguaje:inglés
Publicado: Abingdon Routledge 2011
Colección:Routledge handbooks
Materias:
Etiquetas: Agregar Etiqueta
Sin Etiquetas, Sea el primero en etiquetar este registro!

MARC

LEADER 00000nam a2200000 4500
001 0161610
005 20240313132943.4
020 |a 978-0-415-54831-1 
041 0 |a eng 
044 |a GB 
245 1 0 |a Handbook of local and regional development  |c edited by: Andy Pike, Andrés Rodríguez-Pose and John Tomaney 
264 1 |a Abingdon  |b Routledge  |c 2011 
300 |a 642 s. 
490 1 |a Routledge handbooks 
830 0 |a Routledge handbooks 
610 2 0 |a rozvoj regionálny 
610 2 0 |a rozvoj sociálno-ekonomický 
610 2 0 |a rozvoj hospodársky 
610 2 0 |a plánovanie regionálne 
610 2 0 |a hospodárstvo miestne 
610 2 0 |a hospodárstvo regionálne 
610 2 0 |a globalizácia 
610 2 0 |a politika finančná